000 01313cam a2200397 4500
999 _c24096
_d24096
001 vtls012136000
005 20251219140908.0
008 220520s2022 xo e 000 f slo
020 _a9788055180441
_q(viazané)
040 _aTTKJF
_bslo
_dTTKJF
_dSNK
_erda
_csk
041 1 _aslo
_heng
044 _axo
_cSK
072 7 _a821.111(73)-3
_xAmerická próza
_2konspekt
080 _a821.111(73)-31
_22011
080 _a(0:82-312.5)
_22011
080 _a(0:82-993)
_22011
100 1 _aForce, Marie,
_d1966-
_4aut
_95366
240 1 0 _aHow Much I Feel
_lSlovensky
245 1 0 _aČo k tebe cítim
_cMarie Force ; preložila Ivana Hostová
264 1 _aBratislava
_bIkar, a.s.
_c2022
300 _a317 strán
_c21 cm
336 _atext
_btxt
_2rdacontent
337 _abez média
_bn
_2rdamedia
338 _azväzok
_bnc
_2rdacarrier
500 _aPreložené z angličtiny
500 _aObsahuje profesijné údaje o autorke na zadnej strane obálky knihy
655 7 _aamerické romány
_2SNKPH
_92
655 7 _aľúbostné romány
_2SNKPH
_913
655 7 _aAmerican novels
_2SNKPHeng
_91670
655 7 _aLove novels
_2SNKPHeng
_91667
655 7 _aerotické romány
_2SNKPH
_94
655 7 _aErotic novels
_2SNKPHeng
_95
700 1 _aHostová, Ivana,
_d1983-
_4trl
_95367
958 _aLX
958 _aUP